000 00541nam a22001817a 4500
005 20251108165819.0
008 250721s1991 xx 000 0 ara d
082 1 4 _aط/395.5/أخل
100 1 _aعبده، يحيى
_eشارح
245 1 0 _aأخلاقي و سلوكي في اللعب /
264 1 _aالقاهرة :
_bشركة سفير،
_c1991.
300 _a14ص
650 1 7 _aآداب السلوك
650 1 7 _aسيكولوجية الأطفال
650 1 7 _aالألعاب الرياضية
942 _2ddc
_cBK
999 _c31951
_d31951